My World ILLIT Lyrics - Statistics

General Stats
  • This quiz has been taken 19 times
  • The average score is 64 of 82
Answer Stats
Answer % Correct
my
100%
my
100%
my
100%
my
100%
my
100%
my
100%
my
100%
my
100%
my
100%
my
100%
my
100%
my
100%
my
100%
my
100%
my
100%
my
100%
my
100%
world
100%
world
100%
world
100%
world
100%
world
100%
world
100%
world
100%
world
100%
world
100%
world
100%
world
100%
world
100%
world
100%
world
100%
world
100%
world
100%
is
82%
is
82%
is
82%
is
82%
is
82%
is
82%
is
82%
is
82%
is
82%
is
82%
is
82%
is
82%
is
82%
This
82%
This
82%
This
82%
This
82%
This
82%
This
82%
This
82%
This
82%
This
82%
This
82%
This
82%
This
82%
This
82%
me
64%
me
64%
me
64%
real
55%
real
55%
real
55%
so
55%
so
55%
yeah
55%
you
55%
cool
45%
in
45%
invitation
45%
It's
45%
Here's
36%
Let
36%
show
36%
moon
27%
Pepperoni-topped
27%
pizza
27%
summer
27%
zoom
18%
mm
9%
No matching quizzes found
Score Distribution
Percent of People with Each Score
Percentile by Number Answered
Your Score History
You have not taken this quiz